000
00305 a2200133 4500
250
_a
8ème éd.
245
_a
Williams Texbook of Endocrinology
100
_a
Wilson, J. D.
700
_a
Foster, D.W.
260
_c
1992
300
_a
1712 p.
999
_c
16731
_d
16731